000 00384cam a22001217a 4500
008 180718b1973 xxu||||| |||| 00| 0 eng d
082 _aBA27x5413 B489c
100 _aHari Mohan
245 _aThe chero: a study in acculturation
_cby Hari Mohan
260 _aPatna
_bBihar Tribal Welfare Research Institute
_c1973
300 _a109+p.
700 _aBihar. Tribal Welfare Research Institute
999 _c489109
_d489109